ra2 - Statystyki

Ogólne statystyki
  • Ten quiz został rozwiązany 4 razy
  • Średni wynik to 6 z 16
Statystyki odpowiedzi
Wskazówka Odpowiedź % Poprawnych
Liczba dzielnic Gdańska 35
100%
Najbardziej turystyczne miasto Turcji Stambuł
100%
Rok "100 dni Napoleona" 1815
50%
Wyspa na której znajduje się Sri Lanka Cejlon
50%
3 ruch białymi w partii szkockiej d4
50%
Najbardziej zagęszczone miasto na świecie (os/km2) Manila
50%
Najstarszy kolor w Brydżu Pik
50%
Kraj z najmniejszą dzietnością kobiet (na stan 01.05.2025) Polska
50%
Narząd odpowiadający za produkcje hormonu wzrostu przysadka
50%
Kraj w którym znajduje się region Bahr el Gazel Czad
0%
Drugie największe miasto Mongolii Erdenet
0%
Powiat z rejestracją ZGY Gryficki
0%
Największe miasto prowincji Nowa Szkocja Halifax
0%
Druga największa religia w Surinamie Hinduizm
0%
Druga najwięsza wyspa świata Nowa Gwinea
0%
Stara nazwa DR Konga Zair
0%
Nie znaleziono quizów pasujących do podanych kryteriów
Rozkład punktacji
Procent ludzi z każdym wynikiem
Percentyl według liczby udzielonych odpowiedzi
Twoja historia wyników
Nie rozwiązałeś tego quizu